000 00398nam a2200157 a 4500
005 20140310183208.0
008 030207s19uu xx 00 eng d
050 _aPZ 7
_b.An583 1980
100 _aAngel, Judie
245 _aRonnie and Rosie /
_cJudie Angel.
260 _aNew York :
_bDell Pub,
_c1980.
300 _a223 p. :
_c18 cm.
650 _aFiction
942 _cBK
_2lcc
999 _c20059
_d20059